000
00206nam a22000857a 4500
008
170201b xxu||||| |||| 00| 0 eng d
100
_9
2716
_a
Moore.J.E.
245
_a
The Earth Grades-1
260
_a
USA
_b
Evan
_c
2008
999
_c
5880
_d
5880